Madonna Celebrations Tour Setlist - Statistics

General Stats
  • This quiz has been taken 53 times
  • The average score is 20 of 31
Answer Stats
Song Title % Correct
Like a Prayer
94%
Vogue
94%
Holiday
89%
Like a Virgin
86%
La Isla Bonita
80%
Celebration
77%
Live to Tell
77%
Music
77%
Nothing Really Matters
77%
Erotica
74%
Hung Up
74%
Justify My Love
71%
Open Your Heart
71%
Burning Up
69%
Into the Groove
69%
Rain
69%
Ray of Light
69%
Everybody
66%
Bedtime Story
63%
Crazy for You
60%
Don't Tell Me
60%
Human Nature
60%
Bad Girl
57%
Die Another Day
54%
Mother and Father
46%
B*tch I'm Madonna
40%
Don't Cry for Me Argentina
40%
I Don't Search I Find
34%
The Beast Within
31%
Little Star
20%
Gimme All Your Luvin
17%
No matching quizzes found
Score Distribution
Percent of People with Each Score
Percentile by Number Answered
Your Score History
You have not taken this quiz